000 00764nam a2200193Ii 4500
003 JO-AjNU
008 230605s9999||||xx |||||||||||||| ||und||
040 _aJO-AjNU
_bara
_erda
_cJO-AjNU
041 _aara
050 1 4 _aLB1115.A2888
100 3 _aأبومغلي، سميح مؤلف، العواملة، حابس سليمان م.مشارك، الفار،مصطفى م.مشارك,
_eauthor
_937940
245 0 0 _aطرق تعليم القراءة والكتابة للأطفال
264 3 1 _aعمان:الأهلية للنشر
300 _a112ص
336 _atext
_btxt
_2rdacontent
337 _aunmediated
_bn
_2rdamedia
338 _avolume
_bnc
_2rdacarrier
650 4 _aالقراءة-دراسة وتعليم. الكتابة-دراسة وتعليم
_937941
999 _aA15898
_c19466
_d19466